02824nam a2200289 a 4500001001000000005001700010008004100027041000800068044000700076084002000083100004500103245009400148260003200242300003900274500068700313500007501000500105701075500000902132650005202141650005602193650003402249650004502283700005002328700006202378700004402440740005002484BRCA_245220190320203822.0181108s1819----sp-a---###---#000-0dspa-u aspa asp a092b.R43c18191 aCervantes Saavedra, Miguel ded1547-161610aEl Ingenioso Hidalgo D. Quijote de la Manchaccompuesto por Miguel de Cervantes Saavedra. aMadridbImprenta Realc1819 a5 v.bil.c19 cm.e1 mapa plegable aContenido : v 1. Primera parte. Prólogo de la Academia. Juicio crítico. Análisis y plan cronológico del Quijote por Vicente de los Ríos. Principios de la edición príncipe. Dedicatoria del autor. Prólogo del autor. Versos preliminares. Notas y observaciones. Mapa de una parte de España trazado por Tomás López. Texto. -- v 2. Notas y observaciones. Texto. -- v 3. Segunda parte. Principios de la edición príncipe. Dedicatoria del autor. Prólogo del autor. Notas y observaciones. Texto. -- v 4. Notas y observaciones. Texto. -- v 5. Vida de Miguel de Cervantes S. escrita e ilustrada, con varias noticias y documentos por Martín Fernández de Navarrete aEdición : Cuarta edición corregida por la Real Academia Española aCuarta edición de la Academia Española. No es mera reproducción de anteriores. Difiere de ellas en el plan que ha seguido para la corrección del texto en las notas y en la vida del autor. Si en la edición de 1780, la Academia siguió el texto de la segunda de Cuesta (1605), por creerla la primera, para la presente tomó como modelo la de 1608 del mismo editor, por seguir la conjetura de Pellicer de que Cervantes corrigió el texto de esta última. Acertó la Academia en escribir el sonido velar por medio de j, y no de la x, como hasta entonces. Pero siguió omitiendo el escudo de la edición príncipe, así como igualando los títulos de ambas partes. Con todo, por los materiales tipográficos empleados y por la parte literaria, especialmente la primera erudita vida de Cervantes escrita por M. Fernández de Navarrete, merece esta edición ocupar un lugar sobresaliente entre las clásicas. Ejemplar bastante bien conservado. Encuadernado en piel; las lomeras adornadas con filetes y florones dorados Lúdovik Osterc aQM7414aNovela españolayÉpoca clásica, 1500-170014aLiteratura españolayÉpoca clásica, 1500-170014aNovela españolaySiglo XVII14aDon Quijote (Personaje ficticio)eNovela1 aRíos, Vicente de losd1732-1779eBiógrafo1 aFernández de Navarrete, Martínd1765-1844eBiógrafo1 aLópez, Tomásd1730-1802eIlustrador0 aEl Ingenioso Hidalgo Don Quijote de la Mancha